| 000 | 00823nam a22002177a 4500 | ||
|---|---|---|---|
| 999 |
_c19321 _d19321 |
||
| 003 | AR-CdUCM | ||
| 008 | 190517b ||||| |||| 00| 0 spa d | ||
| 040 |
_aMUNICIPALIDAD PROVINCIAL DEL CUSCO _cBIBLIOTECA MUNICIPAL DEL CUSCO |
||
| 082 |
_a801.980 / _bP73 |
||
| 110 |
_aIADAP _940596 |
||
| 245 |
_aPoesía popular andina : _bEcuador - Perú - Bolivia - Chile / |
||
| 260 |
_aBolivia : _bInstituto andino de artes populares del convenio "Andres Bello", _c1983. |
||
| 300 |
_a443 páginas ; _c22 cm. |
||
| 505 | _aContenido: Las definiciones -- Las recopilaciones -- Otra vez las definiciones -- Poesías ... | ||
| 650 |
_aAntología _9142 |
||
| 650 |
_aPoesías _92272 |
||
| 650 |
_aLatinoamericanas _940597 |
||
| 700 |
_aUbidia, Abdon (Selección y textos) _940598 |
||
| 942 |
_2ddc _cLIBROS |
||
| 945 |
_arah _d2019-05-17 |
||